| 000 | 01291nam a2200349 i 4500 | ||
|---|---|---|---|
| 001 | 768714001 | ||
| 003 | CO-MdFUSB | ||
| 005 | 20260317113245.0 | ||
| 007 | ta | ||
| 008 | 250821t2007 -us |||g |||| 00| 0 spa d | ||
| 020 | _a978-0-8254-1188-5 | ||
| 040 |
_aCO-MdFUSB _bspa _cCO-MdFUSB _dCO-MdFUSBC _erda |
||
| 041 |
_aspa _heng |
||
| 082 |
_223 _a241.4 _bD383 |
||
| 100 |
_aDeMoss, Nancy Leigh. _eautor |
||
| 240 | _aChoosing Forgiveness | ||
| 245 |
_aEscoja perdonar : _bsu camino a la libertad _c/ Nancy Leigh DeMoss |
||
| 264 | 1 |
_aGrand Rapids, Michigan : _bPortavoz, _c[2007] |
|
| 264 | 4 | _c©2007 | |
| 300 |
_a203 páginas _c; 22 cm. |
||
| 336 |
_2rdacontent _atexto _btxt |
||
| 337 |
_2rdamedia _asin mediación _bn |
||
| 338 |
_2rdacarrier _avolumen _bnc |
||
| 504 | _aNotas bibliográficas páginas 201-203 | ||
| 505 | _aCaminar lastimado. -- Lo que sucede cuando rehusamos perdonar.-- La promesa del perdón. -- Perdonar por causa de Jesús. -- El arte de perdonar. -- Enojado con Dios. -- Qué es el verdadero perdón y qué no lo es. -- Devolver una bendición. | ||
| 563 | _arústico | ||
| 650 | 0 |
_aVida cristiana _919 |
|
| 650 | 0 |
_aConsejería pastoral _9228 |
|
| 653 | _aÉtica cristiana - Perdón | ||
| 942 | _cBK | ||
| 945 | _aEstudiante Juan Pablo Eusse | ||
| 999 |
_c71416 _d71416 |
||